Bäume anhand ihrer Blätter - Bildquiz - Statistiken

Allgemein
  • Dieses Quiz wurde 4.793 mal gespielt
  • Das Durchschnittsergebnis liegt bei 6 aus 15
Antwortstatistiken
Bildquiz Antwort % Korrekt
Ahorn
97%
Eiche
75%
Kastanie
75%
Buche
68%
Birke
61%
Linde
52%
Weide
47%
Esche
26%
Stechpalme
24%
Hasel
23%
Erle
18%
Walnuss
18%
Pappel
17%
Ulme
14%
Robinie
11%
Keine übereinstimmenden Quizze gefunden
Verteilung der Resultate
Anzahl Personen mit jedem Resultat
Perzentil nach korrekt beantworteten Fragen
Ihre Resultats-Entwicklung
Sie haben dieses Quiz noch nicht gespielt